000 00437nam a2200145 i 4500
001 bg
100 1 _aKOLENDOWICZ, Tadeusz
245 0 _aMechanika budowli dla architektów /
_cTadeusz Kolendowicz.
260 _aWarszawa,
_c1977.
040 _cBPK
041 _apol
942 _cKS
008 s pl f |000 0 pol
856 _uhttp://koha.tu.koszalin.pl/cgi-bin/koha/opac-detail.pl?biblionumber=18249
_yKatalog online BPK
999 _c18249
_d18249